Szegedi Takarék és Hitel - Részvénytársaság igazgatóságának jelentése [számla : zárszámadás]
Elmentve itt :
| Dokumentumtípus: | Cikk |
|---|---|
| Megjelent: |
1915-03-25
|
| Sorozat: | Délmagyarország
4 No. 73 |
| Kulcsszavak: | Szegedi Takarék és Hitel - Részvénytársaság éves jelentés 1914, Szeged |
| Online Access: | http://dmarchiv.bibl.u-szeged.hu/43214 |
| LEADER | 00545nab a2200145 i 4500 | ||
|---|---|---|---|
| 001 | delm43214 | ||
| 005 | 20180927130109.0 | ||
| 008 | 180927s1915 hu o 0|| hun d | ||
| 040 | |a SZTE Délmagyarország Archívum |b hun | ||
| 041 | |a hun | ||
| 245 | 0 | 0 | |a Szegedi Takarék és Hitel - Részvénytársaság igazgatóságának jelentése |h [elektronikus dokumentum] : |b [számla : zárszámadás] |
| 260 | |c 1915-03-25 | ||
| 300 | |a 9-10 | ||
| 490 | 0 | |a Délmagyarország |v 4 No. 73 | |
| 695 | |a Szegedi Takarék és Hitel - Részvénytársaság éves jelentés 1914, Szeged | ||